00383nam a2200121Ia 4500008004100000082001900041100002600060245005700086260003300143300001000176630001800186650005700204211122s9999||||xx |||||||||||||| ||und|| a378.242bMUM-B aMummigatti, Sumangala 0aBhagavati Prasad Vajpeyi Ke Gadhya Sahitya Anushilan bAman PrakashanaKanpurc1994 a147p. xGeneral Stack aSOCIAL SCIENCESvEDUCATION HIGHER EDUCATIONGeneralia